Vista normal
Vista MARC
Entrada Personal Name
Número de registros utilizados en: 4
001 - CONTROL NUMBER
- control field: 8952
003 - CONTROL NUMBER IDENTIFIER
- control field: OSt
005 - DATE AND TIME OF LATEST TRANSACTION
- control field: 20200819174631.0
008 - FIXED-LENGTH DATA ELEMENTS
- fixed length control field: 200819|| aca||aabn | a|a d
040 ## - CATALOGING SOURCE
- Original cataloging agency: OSt
- Transcribing agency: OSt
100 ## - HEADING--PERSONAL NAME
- Personal name: Jaramillo Pérez, Iván
670 ## - SOURCE DATA FOUND
- Source citation: Work cat.: (OSt)6012: Jaramillo Pérez, Iván, autor, Comentarios a la Reforma de Seguridad Social /, 1994.